IT initiatives for building creative organizations / (Record no. 60555)

MARC details
000 -LEADER
fixed length control field 00797nam a22002297a 4500
005 - DATE AND TIME OF LATEST TRANSACTION
control field 20120109161730.0
008 - FIXED-LENGTH DATA ELEMENTS--GENERAL INFORMATION
fixed length control field 120109t xxu||||| |||| 00| 0 eng d
010 ## - LCCN (DPL NO)
LC control number ENG-104658
020 ## - INTERNATIONAL STANDARD BOOK NUMBER
International Standard Book Number 9788174468840
Terms of availability 650.00
035 ## - SYSTEM CONTROL NUMBER
System control number EN-88191
037 ## - SOURCE OF ACQUISITION
Source of stock number/acquisition DBAD/PUB
040 ## - CATALOGING SOURCE
Original cataloging agency DPL
Language of cataloging Eng
100 ## - MAIN ENTRY--PERSONAL NAME
9 (RLIN) 38706
245 ## - TITLE STATEMENT
Title IT initiatives for building creative organizations /
Statement of responsibility, etc edited by Suyash Jhawar...[et al]
260 ## - PUBLICATION, DISTRIBUTION, ETC. (IMPRINT)
Place of publication, distribution, etc New Delhi
Name of publisher, distributor, etc Excel Books
Date of publication, distribution, etc 2010
270 ## - ADDRESS
Address A-45, Naraina, Phase1
City New Delhi
Postal code 110028
300 ## - PHYSICAL DESCRIPTION
Extent xxii,486p.
Dimensions 24cm(pbk)
500 ## - GENERAL NOTE
General note Includes bibliographical references and index
700 ## - ADDED ENTRY--PERSONAL NAME
Personal name Jhawar, Suyash
9 (RLIN) 38716
942 ## - ADDED ENTRY ELEMENTS (KOHA)
Source of classification or shelving scheme Dewey Decimal Classification
Item type English Books
Call number suffix ITI
Holdings
Withdrawn status Lost status Source of classification or shelving scheme Damaged status Not for loan Collection code Home library Current library Date acquired Source of acquisition Cost, normal purchase price Total Checkouts Full call number Barcode Date last seen Copy number Cost, replacement price Koha item type
    Dewey Decimal Classification   Not For Loan Non-fiction D.B.Act.Division D.B.Act.Division 09/01/2012 DBAD/PUB 650.00   ITI EN-88191 09/01/2012 1 650.00 English Books

© Delhi Public Library
Hit Counter
free hit counter